| 000 | 00365nam a22001577a 4500 | ||
|---|---|---|---|
| 003 | NUST | ||
| 020 | _a9788126511167 | ||
| 038 | _akhadija | ||
| 082 |
_a006.4 _bDUD |
||
| 245 |
_aPattern Classification / _cDUAD and HART |
||
| 260 |
_aNew Delhi; _bjohn wiley and sons; _c2007. |
||
| 300 | _a654p:, | ||
| 500 | _apaperback. | ||
| 563 | _aHardcover | ||
| 942 |
_cBK _2ddc |
||
| 999 |
_c31847 _d31847 |
||